Alle slawischen Sprachen mit einer Karte - Statistiken

Allgemein
  • Dieses Quiz wurde 115 mal gespielt
    70 seit der letzten Aktualisierung
  • Das Durchschnittsergebnis liegt bei 13 aus 18
Antworten auf der Karte
Die Antworten werden auf der Karte rot bzw. grün angezeigt, abhängig davon wie oft sie richtig erraten wurden.
 
Antwortstatistiken
Unterteilung Dialekt L1 Sprache
oder Dialekt
% Korrekt
East Slavic - 150 m Russisch
100%
East Slavic - 32 m Ukrainisch
100%
South Slavic - 7.8 m Bulgarisch
98%
West Slavic - 5.2 m Slowakisch
98%
South Slavic - 2.1 m Slowenisch
96%
West Slavic - 10 m Tschechisch
96%
South Slavic Serbo-Croatian 5.6 m Kroatisch
94%
South Slavic Serbo-Croatian 9.0 m Serbisch
94%
South Slavic Serbo-Croatian 2.5 m Bosnisch
93%
South Slavic - 1.4 m Mazedonisch
87%
West Slavic - 38 m Polnisch
83%
East Slavic - 3.3 m Belarussisch
81%
West Slavic - 20 k Sorbisch
65%
South Slavic Serbo-Croatian 240 k Montenegrinisch
61%
West Slavic - 50 k Kaschubisch
28%
West Slavic Polish 522 k Schlesisch
28%
South Slavic - 24 m Serbokroatisch
19%
East Slavic 70 k Rusyn
11%
Keine übereinstimmenden Quizze gefunden
Verteilung der Resultate
Anzahl Personen mit jedem Resultat
Perzentil nach korrekt beantworteten Fragen
Ihre Resultats-Entwicklung
Sie haben dieses Quiz seit der letzten Aktualisierung nicht gespielt